Southville International School and Colleges
Your cart is empty.
  • Cart
  • Lists
    Public lists list_1 View all
    Your lists Log in to create your own lists
  • Log in to your account
  • Your cookies
  • Search history
Southville International School and Colleges
  • Advanced search
  • Recent comments
  • Most popular
  • Libraries

Log in to your account

Log in with GOOGLE


If you do not have an external account, but do have a local account, you can still log in:

  1. Home
  2. MARC view: The rhetorics of Sin /
Normal view MARC view ISBD view

The rhetorics of Sin / (Record no. 117537)

[ view plain ]
MARC details
000 -LEADER
fixed length control field 00642nam a2200193Ia 4500
008 - FIXED-LENGTH DATA ELEMENTS--GENERAL INFORMATION
fixed length control field 140527s9999 xx 000 0 und d
020 ## - INTERNATIONAL STANDARD BOOK NUMBER
International Standard Book Number 9789715426695
050 ## - LIBRARY OF CONGRESS CALL NUMBER
Classification number BX 1905
Item number .P658 2011
100 ## - MAIN ENTRY--PERSONAL NAME
Personal name Pinzon, Mary Jannette L.
245 ## - TITLE STATEMENT
Title The rhetorics of Sin /
Statement of responsibility, etc Mary Jannette L. Pinzon.
260 ## - PUBLICATION, DISTRIBUTION, ETC. (IMPRINT)
Place of publication, distribution, etc Diliman, Quezon City :
Name of publisher, distributor, etc University of the Philippines Press,
Date of publication, distribution, etc c2011.
300 ## - PHYSICAL DESCRIPTION
Extent 154 p. :
Other physical details ill. ;
Dimensions 23 cm.
500 ## - GENERAL NOTE
General note Includes bibliographical references and index.
521 ## - TARGET AUDIENCE NOTE
Target audience note
650 ## - SUBJECT ADDED ENTRY--TOPICAL TERM
Topical term or geographic name as entry element Christianity and politics
General subdivision Philippines
650 ## - SUBJECT ADDED ENTRY--TOPICAL TERM
Topical term or geographic name as entry element Church and state
General subdivision Philippines
942 ## - ADDED ENTRY ELEMENTS (KOHA)
Call number prefix Local
Koha item type Books
Holdings
Withdrawn status Lost status Damaged status Home library Current library Shelving location Date acquired Cost, normal purchase price Total Checkouts Full call number Barcode Date last seen Price effective from Koha item type
      College Library College Library Filipiniana Section 05/28/2014 350.00   BX 1905 .P658 2011 C18145 05/08/2018 05/28/2014 Books

The rhetorics of Sin /

APA

Pinzon M. J. L., . (2011). The rhetorics of Sin. Diliman, Quezon City: University of the Philippines Press.

Chicago

Pinzon Mary Jannette L, . 2011. The rhetorics of Sin. Diliman, Quezon City: University of the Philippines Press.

Harvard

Pinzon M. J. L., . (2011). The rhetorics of Sin. Diliman, Quezon City: University of the Philippines Press.

MLA

Pinzon Mary Jannette L, . The rhetorics of Sin. Diliman, Quezon City: University of the Philippines Press. 2011.

  • Place hold
  • Print
  • Cite
  • Add to your cart (remove)
  • Save record
    BIBTEX Dublin Core MARCXML MARC (non-Unicode/MARC-8) MARC (Unicode/UTF-8) MARC (Unicode/UTF-8, Standard) MODS (XML) RIS
  • More searches
    Search for this title in:
    Other Libraries (WorldCat) Other Databases (Google Scholar) Online Stores (Bookfinder.com) Open Library (openlibrary.org)

Exporting to Dublin Core...

SOUTHVILLE LIBRARY

Southville International School and Colleges Library

1281 Tropical Ave. Cor. Luxembourg St., BF Homes International, Las Pinas City

Tel. No. 8256374 / 252358 Loc. 117/146

Powered by Koha